[Event "Frankfurt-chA"]
[Site "Frankfurt"]
[Date "2014.05.05"]
[Round "2"]
[White "Diehl, Stefan"]
[Black "Kissler, Johann"]
[Result "1-0"]
[WhiteElo "1702"]
[BlackElo "1531"]
[PlyCount "77"]
[EventDate "2014.04.28"]
[EventType "swiss"]
[EventRounds "7"]
[EventCountry "GER"]
[SourceTitle "EXT 2015"]
[Source "ChessBase"]
[SourceDate "2014.11.20"]
[SourceVersion "1"]
[SourceVersionDate "2014.11.20"]
[SourceQuality "1"]

1. f4 d5 2. Nf3 Nf6 3. e3 e6 4. b3 g6 5. Bb2 Bg7 6. c4 c6 7. Be2 Nbd7 8. 0-0 0-0 9. Ne5 Nxe5 10. fxe5 Nd7 11. d4 f6 12. Ba3 Rf7 13. exf6 Rxf6 14. Nd2 Rxf1+ 15. Nxf1 e5 16. cxd5 cxd5 17. dxe5 Nxe5 18. Bb2 Be6 19. Qd2 Qe7 20. Rd1 Rd8 21. Ng3 Nc6 22. Bxg7 Qxg7 23. Bf3 Qe5 24. Ne2 Bf7 25. Nc3 Ne7 26. Nb5 Nf5 27. e4 d4 28. Qg5 Qe7 29. Qxe7 Nxe7 30. Rxd4 Rxd4 31. Nxd4 Nc6 32. Nxc6 bxc6 33. Kf2 Kg7 34. Ke3 Kf6 35. Kd4 Ke6 36. Bg4+ Kd6 37. e5+ Kc7 38. Kc5 Bd5 39. Bf3 1-0